Champions Pro B Basket - Statistiques

Statistiques générales
  • Ce quiz a été pris 76 fois
  • Le résultat moyen est 5 sur 27
Statistiques - réponses
Année Champion % Correct
2024 La Rochelle
80%
2022 Nancy SLUC
55%
2006 Orléans
52%
2017 Bourg-en-Bresse JL
48%
2000 Bourg-en-Bresse JL
48%
2013 Antibes
45%
2019 Roanne
45%
2021 Fos Provence
38%
2010 Pau-Orthez
25%
2016 Hyères-Toulon
22%
2009 Poitiers
19%
2004 Stade Clermontois
8%
2014 Boulogne sur Mer
5%
2005 Brest
5%
2012 Limoges CSP
2%
2001 Limoges CSP
2%
2008 Besançon BCD
0%
2020 Blois ADA
0%
2018 Blois ADA
0%
1998 Levallois SC
0%
2015 Monaco AS
0%
2011 Nanterre JSF
0%
2003 Reims CB
0%
2023 Saint-Quentin BB
0%
1999 Strasbourg IG
0%
2007 Vichy JA
0%
2002 Vichy JA
0%
Aucun quiz correspondant
Distribution des résultats
% des personnes avec chaque résultat
Percentile par nombre de réponses
Votre historique - résultats
Vous n’avez pas pris ce quiz